Získávat zákazníky Informácie pre externých predajcov. Tréningový kurz systematického predaja
Dôležité pravidlá presvedčovacej techniky podľa G.F. Gossa. Správne zaobchádzanie so zákazníkmi. Triedenie zákazníkov do troch typov a zaobchádzanie s nimi. Technika rozhovoru. Získavanie pozornosti.
Guardado en:
| Formato: | Capítulo de libro |
|---|---|
| Lenguaje: | checo |
| Materias: | |
| Etiquetas: |
Sin Etiquetas, Sea el primero en etiquetar este registro!
|
MARC
| LEADER | 00000naa a2200000 4500 | ||
|---|---|---|---|
| 001 | r015304 | ||
| 005 | 20221213090226.0 | ||
| 041 | 0 | |a cze | |
| 044 | |a SK | ||
| 245 | 1 | 0 | |a Získávat zákazníky |b Informácie pre externých predajcov. Tréningový kurz systematického predaja |
| 520 | |a Dôležité pravidlá presvedčovacej techniky podľa G.F. Gossa. Správne zaobchádzanie so zákazníkmi. Triedenie zákazníkov do troch typov a zaobchádzanie s nimi. Technika rozhovoru. Získavanie pozornosti. | ||
| 610 | 2 | 0 | |a predajcovia |
| 610 | 2 | 0 | |a zákazníci |
| 610 | 2 | 0 | |a predaj |
| 610 | 2 | 0 | |a psychológia |